Business tenancy renewals (Record no. 104501)
[ view plain ]
| 000 -LEADER | |
|---|---|
| fixed length control field | 01495cam a2200277 4500 |
| 001 - CONTROL NUMBER | |
| control field | ##L130644 |
| 008 - FIXED-LENGTH DATA ELEMENTS--GENERAL INFORMATION | |
| fixed length control field | 050822n2006 000 0 eng u |
| 020 ## - INTERNATIONAL STANDARD BOOK NUMBER | |
| International Standard Book Number | 1842192418 |
| 035 ## - SYSTEM CONTROL NUMBER | |
| System control number | (Sirsi) u130644 |
| 041 0# - LANGUAGE CODE | |
| Language code of text/sound track or separate title | eng |
| 050 04 - LIBRARY OF CONGRESS CALL NUMBER | |
| Classification number | 346.4104343 $2 18 |
| 100 1# - MAIN ENTRY--PERSONAL NAME | |
| Personal name | Rooney, Adam |
| 245 00 - TITLE STATEMENT | |
| Title | Business tenancy renewals |
| Remainder of title | a surveyor's handbook |
| 260 ## - PUBLICATION, DISTRIBUTION, ETC. | |
| Place of publication, distribution, etc. | London |
| Name of publisher, distributor, etc. | RICS Books |
| Date of publication, distribution, etc. | 2006 |
| 300 ## - PHYSICAL DESCRIPTION | |
| Extent | xii, 354p |
| Dimensions | 24cm. |
| 350 ## - PRICE (NR) (BK AM CF MU VM SE) [OBSOLETE] | |
| Price | 34.95 |
| 505 2# - FORMATTED CONTENTS NOTE | |
| Formatted contents note | Deciding whether LTA 1954 applies -- Excluding LTA 1954 protection -- How to end a tenancy -- Dealing with notices -- Court claims and pre-action conduct -- Unopposed claims -- Grounds of opposition to a new tenancy -- Opposed claims and contentious court applications -- Acting as an expert -- The tenant's right to statutory compensation -- Alternative dispute resolution and LTA 1954 |
| 520 ## - SUMMARY, ETC. | |
| Summary, etc. | A practical and straightforward guide to all aspects of the Landlord and Tenant Act 1954, and the practical impact of the changes brought about by the Regulatory Reform (Business Tenancies) Order 2003. Includes examples and specimen notices and particulars of claim. |
| 590 ## - LOCAL NOTE (RLIN) | |
| Local note | IKA280306 |
| 650 24 - SUBJECT ADDED ENTRY--TOPICAL TERM | |
| Topical term or geographic name entry element | LANDLORD AND TENANT ACT 1954 |
| 650 24 - SUBJECT ADDED ENTRY--TOPICAL TERM | |
| Topical term or geographic name entry element | REGULATORY REFORM (BUSINESS TENANCIES) (ENGLAND AND WALES) ORDER 2003 |
| 690 ## - LOCAL SUBJECT ADDED ENTRY--TOPICAL TERM (OCLC, RLIN) | |
| Topical term or geographic name as entry element | PROPERTY-COMMERCIAL PROPERTY-LEASEHOLD COMMERCIAL PROPERTY-COMMERCIAL LANDLORD AND TENANT-COMMERCIAL LEASES-COMMERCIAL LEASE RENEWAL |
| 700 1# - ADDED ENTRY--PERSONAL NAME | |
| Personal name | Cridge, Julian |
| 942 ## - ADDED ENTRY ELEMENTS (KOHA) | |
| Suppress in OPAC | 0 |
| Withdrawn status | Lost status | Source of classification or shelving scheme | Damaged status | Not for loan | Home library | Current library | Shelving location | Date acquired | Total Checkouts | Full call number | Barcode | Date last seen | Date last checked out | Copy number | Price effective from | Koha item type |
|---|---|---|---|---|---|---|---|---|---|---|---|---|---|---|---|---|
| Dewey Decimal Classification | London | London | Books | 17/03/2006 | 32 | 346.4104343 ROO | 30072803 | 06/08/2019 | 15/01/2010 | 1 | 06/08/2019 | Book | ||||
| Dewey Decimal Classification | London | London | Reference copy | 17/03/2006 | 346.4104343 ROO | 30072802 | 06/08/2019 | 3 | 06/08/2019 | Book | ||||||
| Dewey Decimal Classification | London | London | Archive copy | 17/03/2006 | 346.4104343 ROO | 30072801 | 06/08/2019 | 4 | 06/08/2019 | Archive |